Loading...
| Fine Arts - Classical Music | 5 | 16.00 | 3,620% | 340% | 540% |
| Fine Arts - Other | 10 | 15.00 | 3,880% | 330% | 400% |
| Fine Arts - Painting & Sculpture | 4 | 20.00 | 4,050% | 400% | 825% |
| History - American | 4 | 12.50 | 2,025% | 825% | 0% |
| History - European | 4 | 15.00 | 2,825% | 525% | 200% |
| History - Other | 7 | 15.71 | 3,714% | 414% | 371% |
| History - World | 4 | 17.50 | 3,250% | 625% | 400% |
| Literature - American | 6 | 16.67 | 3,767% | 433% | 550% |
| Literature - British | 6 | 10.00 | 1,067% | 383% | 283% |
| Literature - European | 7 | 18.57 | 5,300% | 357% | 557% |
| Literature - World | 8 | 13.75 | 4,288% | 288% | 225% |
| Mythology | 5 | 14.00 | 5,500% | 120% | 320% |
| Other | 7 | 17.14 | 5,086% | 471% | 343% |
| Philosophy | 3 | 16.67 | 4,833% | 567% | 300% |
| Religion | 6 | 15.00 | 3,517% | 400% | 417% |
| Science - Biology | 3 | 20.00 | 3,767% | 700% | 200% |
| Science - Chemistry | 5 | 12.00 | 3,880% | 140% | 300% |
| Science - Other | 6 | 18.33 | 2,700% | 650% | 433% |
| Science - Physics | 9 | 15.56 | 5,211% | 178% | 433% |
| Social Science | 3 | 16.67 | 6,600% | 300% | 300% |